000
00294nam a22001337a 4500
008
221024b ||||| |||| 00| 0 eng d
041
_a
eng
080
_a
618
082
_a
618 HYT
100
_a
15
101
_a
GINE
245
_a
DIAGNOSTIC INDICES IN PREGNANCY
_c
HYTTEN F
942
_2
udc
_c
BK
999
_c
58664
_d
58664